Normal view
MARC view
Entry Topical Term
001 - CONTROL NUMBER
- control field: 15423
003 - CONTROL NUMBER IDENTIFIER
- control field: BD-RjUL
005 - DATE AND TIME OF LATEST TRANSACTION
- control field: 20250507124144.0
008 - FIXED-LENGTH DATA ELEMENTS
- fixed length control field: 250507|| aca||aabn | a|a d
040 ## - CATALOGING SOURCE
- Original cataloging agency: BD-RjUL
- Transcribing agency: BD-RjUL
150 ## - HEADING--TOPICAL TERM
- Topical term or geographic name entry element: Authors
670 ## - SOURCE DATA FOUND
- Source citation: Work cat.: (BD-RjUL)84903: Premacanda, 1881-1936. 12037, پرىم چند کے خطوط / Prem Cand ke k̲h̲ut̤ut̤ /, [1968]